000 00443nam a2200193Ia 4500
005 20240823045216.0
008 240823s9999||||xx |||||||||||||| ||und||
041 _aENGLISH
082 _A629.26028
100 _aDayanandam R N
245 0 _aBody Building Technology
250 _a1st
260 _bN . V Publica
500 _aYES
650 _aBody Building
_bMechanical
700 _a Sainathan C R
942 _cBK
999 _c214426
_d214426